000 00915nam a22003251i 4500
001 001737
003 DO-SdBNP
005 20221121063912.0
007 001737
008 010710s1983 sp spa
016 7 _a
_z
_2BPMSU
017 _a
_b
020 _a8432230200
_c
035 _a
040 _aBPMSU
_bspa
_cBPMSU
080 0 _a
082 4 _aV863.6
_bU86i 1993
_222
100 1 _aUslar Pietri, Arturo,
_d1906-2001.
245 1 3 _aLa isla de Róbinson /
_cArturo Uslar Pietri.
_h
260 _aBarcelona :
_bSeix Barral,
_c1993
300 _a357 p. ;
_c18 cm.
490 0 _aBiblioteca de bolsillo
500 _aIncluye datos biográficos del autor
590 _6Inventariado, 2022/VM
600 1 4 _aCarreño Rodríguez, Simón Narciso,
_d771-1854
_vNovela.
650 4 _aNovela histórica venezolana.
830 0 _aBiblioteca de bolsillo
910 _aVMateo V. /Validado
942 _2ddc
_cBK
999 _c10872
_d10872